[Event "Wch u20 girls"]
[Site "Kocaeli"]
[Date "2013.09.14"]
[Round "2.25"]
[White "Liu, Hongyan"]
[Black "Fuentes Godoy, Lilia Ivonne"]
[Result "1/2-1/2"]
[WhiteElo "2065"]
[BlackElo "1829"]
[PlyCount "93"]
[EventDate "2013.09.??"]
[EventType "swiss"]
[EventRounds "13"]
[EventCountry "TUR"]
[Source "CBase R.Goldau"]
[SourceDate "2000.03.01"]

1. d4 c5 2. d5 f5 3. Nc3 Nf6 4. g3 g6 5. Bg2 d6 6. Nh3 Na6 7. O-O Bg7 8. Nf4
Nc7 9. a4 O-O 10. Na2 b6 11. Rb1 Bd7 12. c4 a5 13. Nc3 Rb8 14. h3 Re8 15. Re1
e5 16. dxe6 Bxe6 17. Nxe6 Rxe6 18. Bg5 h6 19. Bxf6 Bxf6 20. Bd5 Nxd5 21. Qxd5
Qd7 22. e4 Rbe8 23. exf5 gxf5 24. Rf1 Be5 25. Nb5 Kh8 26. Rbd1 f4 27. g4 h5 28.
f3 hxg4 29. hxg4 Qh7 30. Kg2 Bxb2 31. Qh5 Qxh5 32. gxh5 Be5 33. Kf2 Rh6 34. Rh1
Rg8 35. Rh3 Rg5 36. Rdh1 Kg7 37. Nc7 Bd4+ 38. Kf1 Kf7 39. Nd5 Re5 40. Rh4 Be3
41. Nxe3 fxe3 42. Ke2 Ke6 43. Re4 d5 44. cxd5+ Kxd5 45. Rxe5+ Kxe5 46. Kxe3 Kf5
47. f4 1/2-1/2

[Event "Wch u20 girls"]
[Site "Kocaeli"]
[Date "2013.09.14"]
[Round "2.31"]
[White "Aslan, Cagla Yaren"]
[Black "Krumova, Ani"]
[Result "1/2-1/2"]
[WhiteElo "1697"]
[BlackElo "1993"]
[PlyCount "88"]
[EventDate "2013.09.??"]
[EventType "swiss"]
[EventRounds "13"]
[EventCountry "TUR"]
[Source "CBase R.Goldau"]
[SourceDate "2000.03.01"]

1. e4 c5 2. Nf3 Nc6 3. d3 g6 4. g3 Bg7 5. Bg2 e6 6. O-O Nge7 7. Re1 O-O 8. c3
d5 9. e5 Rb8 10. h4 b5 11. h5 h6 12. Nbd2 b4 13. Nf1 Qa5 14. Bd2 Ba6 15. Qc1
Kh7 16. c4 dxc4 17. dxc4 Qc7 18. N1h2 gxh5 19. Qc2+ Ng6 20. Qe4 Ncxe5 21. Bf4
f5 22. Bxe5 Nxe5 23. Qh4 Nxf3+ 24. Nxf3 Ra8 25. Qxh5 Bxc4 26. Qh4 Bd5 27. Ng5+
Kg8 28. Bxd5 hxg5 29. Rxe6 gxh4 30. Re7+ Kh8 31. Rxc7 hxg3 32. Kg2 Rf6 33. Rh1+
Rh6 34. Rxh6+ Bxh6 35. Kxg3 Bg7 36. Rxc5 Bxb2 37. Bc4 Be5+ 38. f4 Bd6 39. Rxf5
Rf8 40. Rxf8+ Bxf8 41. Bb3 Kg7 42. Kg4 Kf6 43. f5 a5 44. Kf4 Bd6+ 1/2-1/2

[Event "Wch u20 girls"]
[Site "Kocaeli"]
[Date "2013.09.17"]
[Round "5.23"]
[White "Shyngys Kyzy, Aijarkyn"]
[Black "Derakhshani, Dorsa"]
[Result "0-1"]
[WhiteElo "1780"]
[BlackElo "2078"]
[PlyCount "80"]
[EventDate "2013.09.??"]
[EventType "swiss"]
[EventRounds "13"]
[EventCountry "TUR"]
[Source "CBase R.Goldau"]
[SourceDate "2000.03.01"]

1. e4 e5 2. Nf3 Nc6 3. Nc3 Nf6 4. d4 exd4 5. Nxd4 Bb4 6. Nxc6 bxc6 7. Bd3 d5 8.
exd5 cxd5 9. O-O O-O 10. Bg5 c6 11. Ne2 Bd6 12. Nd4 Bc7 13. Nf5 Rb8 14. Qf3 Be5
15. Rae1 Qc7 16. Qh3 Kh8 17. Qh4 Ne4 18. Bxe4 dxe4 19. Qxe4 Bxh2+ 20. Kh1 f6
21. Bc1 Be5 22. b3 Qf7 23. g4 c5 24. f3 Bb7 25. Qe2 h5 26. Qg2 g6 27. Nh6 Qh7
28. gxh5 g5 29. Ng4 Qxh5+ 30. Kg1 Bd4+ 31. Be3 Bc3 32. Bxc5 Rfc8 33. Bd6 Bd4+
34. Ne3 Ra8 35. c4 Re8 36. Kf2 Qh4+ 37. Bg3 Bxe3+ 38. Rxe3 Qd4 39. Rfe1 Rxe3
40. Qh3+ Kg7 0-1

[Event "Wch u20 girls"]
[Site "Kocaeli"]
[Date "2013.09.21"]
[Round "8.9"]
[White "Pavlidou, Ekaterini"]
[Black "Derakhshani, Dorsa"]
[Result "1/2-1/2"]
[WhiteElo "2216"]
[BlackElo "2078"]
[PlyCount "135"]
[EventDate "2013.09.??"]
[EventType "swiss"]
[EventRounds "13"]
[EventCountry "TUR"]
[Source "CBase R.Goldau"]
[SourceDate "2000.03.01"]

1. d4 Nf6 2. c4 e6 3. Nc3 Bb4 4. e3 c5 5. Nge2 cxd4 6. exd4 d5 7. c5 Ne4 8. Bd2
Bxc3 9. Nxc3 Nxc3 10. Bxc3 a5 11. Bd3 b6 12. Bb5+ Bd7 13. a4 O-O 14. O-O Qe7
15. Rc1 Rc8 16. cxb6 Bxb5 17. axb5 Qb7 18. Qd2 Nd7 19. Bxa5 Nxb6 20. Bxb6 Qxb6
21. Qb4 Rcb8 22. Rc5 Ra5 23. Rfc1 h6 24. h3 Kh7 25. Qb3 Rxb5 26. Qd3+ g6 27.
Qf3 Kg7 28. Rc7 Rf8 29. Qf4 Rb4 30. Qe5+ Kg8 31. Rc8 Rc4 32. Rxf8+ Kxf8 33. Ra1
Ke7 34. Ra8 Qc7 35. Qxc7+ Rxc7 36. Rb8 Rc1+ 37. Kh2 Rc4 38. Rb7+ Kf6 39. Kg3
Rxd4 40. Kf3 Rd2 41. Ke3 Rc2 42. b4 h5 43. b5 e5 44. Rb6+ Ke7 45. Rb7+ Ke6 46.
Rb6+ Kd7 47. Rf6 Ke7 48. Rb6 h4 49. f4 exf4+ 50. Kxf4 f6 51. Rb7+ Kd6 52. Kf3
Rb2 53. Rf7 Ke5 54. Re7+ Kd6 55. Rf7 Ke6 56. Rb7 g5 57. b6 Kd6 58. Rb8 Kc6 59.
Rc8+ Kd7 60. Rb8 Rb4 61. Ke3 Kc6 62. Rc8+ Kd7 63. Rb8 f5 64. Rg8 g4 65. hxg4
Rxg4 66. Rf8 Kc6 67. Rf6+ Kb7 68. Rxf5 1/2-1/2

[Event "Wch u20 girls"]
[Site "Kocaeli"]
[Date "2013.09.22"]
[Round "9.1"]
[White "Bulmaga, Irina"]
[Black "Kashlinskaya, Alina"]
[Result "1-0"]
[WhiteElo "2410"]
[BlackElo "2390"]
[PlyCount "65"]
[EventDate "2013.09.??"]
[EventType "swiss"]
[EventRounds "13"]
[EventCountry "TUR"]
[Source "CBase R.Goldau"]
[SourceDate "2000.03.01"]
[TimeControl "40/5400+30:1800+30"]

1. e4 {[%emt 0:00:30]} e5 {[%emt 0:00:30]} 2. Nf3 {[%emt 0:00:00]} Nc6 {[%emt
0:00:00]} 3. Bb5 {[%emt 0:00:00]} a6 {[%emt 0:00:00]} 4. Ba4 {[%emt 0:00:00]}
Nf6 {[%emt 0:00:00]} 5. O-O {[%emt 0:00:00]} Be7 {[%emt 0:00:00]} 6. Re1 {
[%emt 0:00:30]} b5 {[%emt 0:00:00]} 7. Bb3 {[%emt 0:00:00]} O-O {[%emt 0:00:00]
} 8. h3 {[%emt 0:00:00]} Bb7 {[%emt 0:00:30]} 9. c3 {[%emt 0:00:30]} d5 {[%emt
0:00:30]} 10. exd5 {[%emt 0:01:30]} Nxd5 {[%emt 0:00:00]} 11. d3 {[%emt 0:02:
30]} f6 {[%emt 0:03:00]} 12. Nbd2 {[%emt 0:05:30]} Kh8 {[%emt 0:00:30]} 13. Nf1
{[%emt 0:02:30]} Qd7 {[%emt 0:04:30]} 14. Bc2 {[%emt 0:04:30]} Rad8 {[%emt 0:
13:30]} 15. Bd2 {[%emt 0:10:30]} f5 {[%emt 0:14:30]} 16. Nxe5 {[%emt 0:05:30]}
Nxe5 {[%emt 0:00:00]} 17. Rxe5 {[%emt 0:00:30]} Bd6 {[%emt 0:08:00]} 18. Re1 {
[%emt 0:00:30]} Nf4 {[%emt 0:01:30]} 19. Bxf4 {[%emt 0:02:30]} Bxf4 {[%emt 0:
00:30]} 20. Bb3 {[%emt 0:07:30]} Qxd3 {[%emt 0:02:30]} 21. Qh5 {[%emt 0:04:30]}
Qd7 {[%emt 0:04:30]} 22. Re6 {[%emt 0:02:30]} Rde8 {[%emt 0:06:30]} 23. Rae1 {
[%emt 0:05:30]} Rxe6 {[%emt 0:00:30]} 24. Rxe6 {[%emt 0:02:30]} c5 {[%emt 0:05:
30]} 25. Re1 {[%emt 0:00:00]} Qc6 {[%emt 0:03:30]} 26. f3 {[%emt 0:04:00]} c4 {
[%emt 0:00:30]} 27. Bc2 {[%emt 0:00:30]} Bd6 {[%emt 0:13:40]} 28. Bxf5 {[%emt
0:05:30]} Bc5+ {[%emt 0:13:07]} 29. Kh1 {[%emt 0:01:30]} g6 {[%emt 0:00:17]}
30. Bxg6 {[%emt 0:00:30]} Qxg6 {[%emt 0:00:08]} 31. Qxc5 {[%emt 0:00:00]} Rxf3
{[%emt 0:00:13]} 32. Qe5+ {[%emt 0:02:00]} Rf6 {[%emt 0:02:45]} 33. Qb8+ {
[%emt 0:00:30]} 1-0

[Event "Wch u20 girls"]
[Site "Kocaeli"]
[Date "2013.09.22"]
[Round "9.2"]
[White "Abdumalik, Zhansaya"]
[Black "Goryachkina, Aleksandra"]
[Result "0-1"]
[WhiteElo "2277"]
[BlackElo "2409"]
[PlyCount "94"]
[EventDate "2013.09.??"]
[EventType "swiss"]
[EventRounds "13"]
[EventCountry "TUR"]
[Source "CBase R.Goldau"]
[SourceDate "2000.03.01"]
[TimeControl "40/5400+30:1800+30"]

1. e4 {[%emt 0:00:30]} c5 {[%emt 0:00:30]} 2. Nf3 {[%emt 0:00:00]} Nc6 {[%emt
0:00:00]} 3. d4 {[%emt 0:00:00]} cxd4 {[%emt 0:00:00]} 4. Nxd4 {[%emt 0:00:00]}
e5 {[%emt 0:00:00]} 5. Nb5 {[%emt 0:00:00]} d6 {[%emt 0:00:00]} 6. N1c3 {[%emt
0:00:30]} Nf6 {[%emt 0:00:30]} 7. Bg5 {[%emt 0:00:30]} a6 {[%emt 0:00:00]} 8.
Na3 {[%emt 0:00:30]} b5 {[%emt 0:00:00]} 9. Nd5 {[%emt 0:03:30]} Be7 {[%emt 0:
00:30]} 10. Bxf6 {[%emt 0:00:30]} Bxf6 {[%emt 0:00:00]} 11. c4 {[%emt 0:00:00]}
b4 {[%emt 0:01:00]} 12. Nc2 {[%emt 0:00:00]} Rb8 {[%emt 0:00:30]} 13. Qd3 {
[%emt 0:01:30]} Bg5 {[%emt 0:05:30]} 14. Be2 {[%emt 0:01:30]} O-O {[%emt 0:01:
30]} 15. O-O {[%emt 0:01:30]} Be6 {[%emt 0:05:30]} 16. b3 {[%emt 0:02:30]} Qd7
{[%emt 0:06:30]} 17. a3 {[%emt 0:07:30]} bxa3 {[%emt 0:03:30]} 18. Rxa3 {[%emt
0:03:30]} a5 {[%emt 0:02:30]} 19. Rd1 {[%emt 0:06:30]} Qb7 {[%emt 0:03:30]} 20.
Bf3 {[%emt 0:10:30]} Bd8 {[%emt 0:03:30]} 21. Nc3 {[%emt 0:08:30]} Bb6 {[%emt
0:02:30]} 22. Nb5 {[%emt 0:02:30]} Bc5 {[%emt 0:01:30]} 23. Raa1 {[%emt 0:02:
30]} Qb6 {[%emt 0:02:30]} 24. Rd2 {[%emt 0:05:30]} Kh8 {[%emt 0:07:30]} 25. Qe2
{[%emt 0:07:30]} Rbd8 {[%emt 0:05:30]} 26. Rad1 {[%emt 0:01:30]} Ne7 {[%emt 0:
02:30]} 27. Ne1 {[%emt 0:09:30]} Nc6 {[%emt 0:05:30]} 28. Nc2 {[%emt 0:00:30]}
Na7 {[%emt 0:00:30]} 29. Nxa7 {[%emt 0:03:30]} Qxa7 {[%emt 0:00:30]} 30. Ne3 {
[%emt 0:05:06]} g6 {[%emt 0:03:30]} 31. Ra2 {[%emt 0:05:56]} Qb6 {[%emt 0:02:
30]} 32. Qd3 {[%emt 0:01:14]} f5 {[%emt 0:07:30]} 33. Nd5 {[%emt 0:04:20]} Bxd5
{[%emt 0:12:38]} 34. Qxd5 {[%emt 0:01:03]} fxe4 {[%emt 0:02:33]} 35. Qxe4 {
[%emt 0:02:25]} Qxb3 {[%emt 0:01:19]} 36. Rxa5 {[%emt 0:01:10]} Bxf2+ {[%emt 0:
00:47]} 37. Kh1 {[%emt 0:00:47]} Qc3 {[%emt 0:02:41]} 38. Ra2 {[%emt 0:03:02]}
Bc5 {[%emt 0:01:23]} 39. Rc2 {[%emt 0:00:29]} Qb3 {[%emt 0:00:31]} 40. h3 {
[%emt 0:00:00]} Rf4 {[%emt 0:00:00]} 41. Qe2 {[%emt 0:05:28]} Rdf8 {[%emt 0:04:
38]} 42. Rd3 {[%emt 0:03:30]} Qa4 {[%emt 0:01:30]} 43. Rdd2 {[%emt 0:06:11]} e4
{[%emt 0:04:30]} 44. Bxe4 {[%emt 0:00:50]} Qa1+ {[%emt 0:00:30]} 45. Rd1 {
[%emt 0:02:53]} Rf1+ {[%emt 0:00:30]} 46. Rxf1 {[%emt 0:00:24]} Rxf1+ {[%emt 0:
00:00]} 47. Kh2 {[%emt 0:00:05]} Qe5+ {[%emt 0:00:00]} 0-1

[Event "Wch u20 girls"]
[Site "Kocaeli"]
[Date "2013.09.22"]
[Round "9.3"]
[White "Arabidze, Meri"]
[Black "Padmini, Rout"]
[Result "1/2-1/2"]
[WhiteElo "2332"]
[BlackElo "2312"]
[PlyCount "105"]
[EventDate "2013.09.??"]
[EventType "swiss"]
[EventRounds "13"]
[EventCountry "TUR"]
[Source "CBase R.Goldau"]
[SourceDate "2000.03.01"]
[TimeControl "40/5400+30:1800+30"]

1. d4 {[%emt 0:00:30]} Nf6 {[%emt 0:00:30]} 2. c4 {[%emt 0:00:00]} g6 {[%emt 0:
00:00]} 3. Nc3 {[%emt 0:00:00]} Bg7 {[%emt 0:00:00]} 4. e4 {[%emt 0:00:30]} d6
{[%emt 0:00:30]} 5. Nf3 {[%emt 0:00:30]} O-O {[%emt 0:00:30]} 6. Be2 {[%emt 0:
00:30]} e5 {[%emt 0:00:30]} 7. O-O {[%emt 0:00:00]} Nc6 {[%emt 0:00:30]} 8. Be3
{[%emt 0:00:00]} Ng4 {[%emt 0:00:30]} 9. Bg5 {[%emt 0:00:30]} f6 {[%emt 0:00:
00]} 10. Bc1 {[%emt 0:00:30]} f5 {[%emt 0:00:00]} 11. Bg5 {[%emt 0:00:30]} Qe8
{[%emt 0:00:30]} 12. Nb5 {[%emt 0:00:30]} Qf7 {[%emt 0:00:30]} 13. d5 {[%emt 0:
00:30]} Nd8 {[%emt 0:06:30]} 14. exf5 {[%emt 0:00:30]} gxf5 {[%emt 0:00:30]}
15. h3 {[%emt 0:00:30]} a6 {[%emt 0:20:30]} 16. Nxd6 {[%emt 0:11:30]} cxd6 {
[%emt 0:01:30]} 17. hxg4 {[%emt 0:00:30]} fxg4 {[%emt 0:01:30]} 18. Nd2 {[%emt
0:07:30]} Qg6 {[%emt 0:04:30]} 19. Bh4 {[%emt 0:06:30]} Nf7 {[%emt 0:01:30]}
20. c5 {[%emt 0:14:30]} e4 {[%emt 0:18:30]} 21. Nc4 {[%emt 0:06:30]} dxc5 {
[%emt 0:06:30]} 22. d6 {[%emt 0:17:30]} Be6 {[%emt 0:05:30]} 23. Ne3 {[%emt 0:
02:30]} Bd4 {[%emt 0:04:30]} 24. Bxg4 {[%emt 0:11:19]} Nxd6 {[%emt 0:03:30]}
25. Bxe6+ {[%emt 0:06:28]} Qxe6 {[%emt 0:00:30]} 26. Rc1 {[%emt 0:00:14]} Rf7 {
[%emt 0:05:20]} 27. Qh5 {[%emt 0:03:35]} Qg6 {[%emt 0:02:12]} 28. Qd5 {[%emt 0:
03:04]} Nf5 {[%emt 0:01:26]} 29. Nxf5 {[%emt 0:05:12]} Qxf5 {[%emt 0:00:08]}
30. Qxf5 {[%emt 0:00:04]} Rxf5 {[%emt 0:00:04]} 31. Rfe1 {[%emt 0:00:12]} Re8 {
[%emt 0:00:47]} 32. Rc2 {[%emt 0:00:29]} e3 {[%emt 0:04:19]} 33. fxe3 {[%emt 0:
00:53]} Rxe3 {[%emt 0:00:48]} 34. Rxe3 {[%emt 0:00:48]} Bxe3+ {[%emt 0:00:05]}
35. Kh2 {[%emt 0:00:14]} Kf7 {[%emt 0:01:24]} 36. Kh3 {[%emt 0:01:16]} Bd4 {
[%emt 0:00:48]} 37. b3 {[%emt 0:00:45]} b5 {[%emt 0:02:00]} 38. g4 {[%emt 0:01:
16]} Re5 {[%emt 0:03:00]} 39. Bg3 {[%emt 0:00:32]} Re3 {[%emt 0:00:29]} 40. Kg2
{[%emt 0:00:00]} Rd3 {[%emt 0:00:00]} 41. Bd6 {[%emt 0:06:39]} Ke6 {[%emt 0:08:
10]} 42. Bxc5 {[%emt 0:01:30]} Bxc5 {[%emt 0:00:00]} 43. Rxc5 {[%emt 0:00:00]}
Rd2+ {[%emt 0:00:00]} 44. Kf3 {[%emt 0:03:00]} Rxa2 {[%emt 0:00:30]} 45. Rh5 {
[%emt 0:01:30]} Ra3 {[%emt 0:00:00]} 46. Ke4 {[%emt 0:01:30]} Rxb3 {[%emt 0:00:
00]} 47. Rh6+ {[%emt 0:00:30]} Kf7 {[%emt 0:00:30]} 48. Rxa6 {[%emt 0:00:30]}
Rb1 {[%emt 0:00:30]} 49. Kf5 {[%emt 0:01:40]} b4 {[%emt 0:01:30]} 50. Ra7+ {
[%emt 0:01:03]} Kg8 {[%emt 0:00:30]} 51. Ra8+ {[%emt 0:00:20]} Kf7 {[%emt 0:00:
30]} 52. Ra7+ {[%emt 0:00:05]} Kg8 {[%emt 0:02:30]} 53. Ra8+ {[%emt 0:00:21]}
1/2-1/2

[Event "Wch u20 girls"]
[Site "Kocaeli"]
[Date "2013.09.22"]
[Round "9.4"]
[White "Medina, Warda Aulia"]
[Black "Ibrahimova, Sabina"]
[Result "1/2-1/2"]
[WhiteElo "2301"]
[BlackElo "2168"]
[PlyCount "80"]
[EventDate "2013.09.??"]
[EventType "swiss"]
[EventRounds "13"]
[EventCountry "TUR"]
[Source "CBase R.Goldau"]
[SourceDate "2000.03.01"]
[TimeControl "40/5400+30:1800+30"]

1. e4 {[%emt 0:00:30]} c5 {[%emt 0:00:30]} 2. Nf3 {[%emt 0:00:00]} Nc6 {[%emt
0:00:00]} 3. d4 {[%emt 0:00:00]} cxd4 {[%emt 0:00:00]} 4. Nxd4 {[%emt 0:00:00]}
g6 {[%emt 0:00:00]} 5. c4 {[%emt 0:00:00]} Bg7 {[%emt 0:01:00]} 6. Be3 {[%emt
0:00:30]} Nf6 {[%emt 0:00:00]} 7. Nc3 {[%emt 0:00:00]} O-O {[%emt 0:03:00]} 8.
Be2 {[%emt 0:00:00]} b6 {[%emt 0:00:00]} 9. O-O {[%emt 0:00:30]} Bb7 {[%emt 0:
00:00]} 10. f3 {[%emt 0:00:30]} e6 {[%emt 0:03:30]} 11. Qd2 {[%emt 0:01:30]} d5
{[%emt 0:02:30]} 12. cxd5 {[%emt 0:00:30]} exd5 {[%emt 0:00:00]} 13. Nxc6 {
[%emt 0:00:00]} Bxc6 {[%emt 0:00:00]} 14. e5 {[%emt 0:00:00]} Ne8 {[%emt 0:00:
30]} 15. f4 {[%emt 0:00:30]} f6 {[%emt 0:01:30]} 16. Bd4 {[%emt 0:01:30]} Nc7 {
[%emt 0:02:30]} 17. Rad1 {[%emt 0:08:30]} Qe7 {[%emt 0:16:30]} 18. exf6 {[%emt
0:07:30]} Bxf6 {[%emt 0:00:30]} 19. Bf3 {[%emt 0:00:30]} Rad8 {[%emt 0:00:30]}
20. Rfe1 {[%emt 0:05:30]} Qf7 {[%emt 0:07:30]} 21. Be5 {[%emt 0:03:30]} Bxe5 {
[%emt 0:14:30]} 22. fxe5 {[%emt 0:01:30]} d4 {[%emt 0:00:30]} 23. Ne4 {[%emt 0:
17:30]} Bxe4 {[%emt 0:03:30]} 24. Bxe4 {[%emt 0:00:30]} Ne6 {[%emt 0:08:30]}
25. b4 {[%emt 0:02:30]} Kg7 {[%emt 0:02:30]} 26. Bd3 {[%emt 0:01:30]} Qe7 {
[%emt 0:04:30]} 27. Re4 {[%emt 0:04:30]} Rc8 {[%emt 0:04:30]} 28. h4 {[%emt 0:
01:30]} Rf5 {[%emt 0:03:30]} 29. Bc2 {[%emt 0:02:30]} Rcf8 {[%emt 0:09:27]} 30.
Bb3 {[%emt 0:04:30]} Rf4 {[%emt 0:02:22]} 31. Rde1 {[%emt 0:01:30]} Qxh4 {
[%emt 0:04:40]} 32. Rxf4 {[%emt 0:00:30]} Nxf4 {[%emt 0:04:39]} 33. e6 {[%emt
0:01:30]} Qg3 {[%emt 0:00:52]} 34. Qxd4+ {[%emt 0:00:30]} Rf6 {[%emt 0:00:04]}
35. Qd7+ {[%emt 0:01:30]} Kh6 {[%emt 0:01:48]} 36. Qd2 {[%emt 0:00:30]} g5 {
[%emt 0:00:03]} 37. Bd5 {[%emt 0:02:30]} Nh3+ {[%emt 0:01:09]} 38. Kh1 {[%emt
0:00:30]} Nf2+ {[%emt 0:00:04]} 39. Kg1 {[%emt 0:00:00]} Nh3+ {[%emt 0:00:06]}
40. Kh1 {[%emt 0:00:00]} Nf2+ {[%emt 0:00:00]} 1/2-1/2

[Event "Wch u20 girls"]
[Site "Kocaeli"]
[Date "2013.09.22"]
[Round "9.5"]
[White "Cori T, Deysi"]
[Black "Wang, Jue"]
[Result "1-0"]
[WhiteElo "2434"]
[BlackElo "2392"]
[PlyCount "101"]
[EventDate "2013.09.??"]
[EventType "swiss"]
[EventRounds "13"]
[EventCountry "TUR"]
[Source "CBase R.Goldau"]
[SourceDate "2000.03.01"]
[TimeControl "40/5400+30:1800+30"]

1. d4 {[%emt 0:00:30]} Nf6 {[%emt 0:00:30]} 2. c4 {[%emt 0:00:00]} g6 {[%emt 0:
00:00]} 3. Nc3 {[%emt 0:04:00]} Bg7 {[%emt 0:00:00]} 4. e4 {[%emt 0:00:00]} d6
{[%emt 0:00:00]} 5. f3 {[%emt 0:00:00]} O-O {[%emt 0:00:00]} 6. Be3 {[%emt 0:
00:30]} c5 {[%emt 0:00:30]} 7. Nge2 {[%emt 0:00:30]} Nc6 {[%emt 0:00:00]} 8.
Qd2 {[%emt 0:00:30]} Qa5 {[%emt 0:00:00]} 9. Rd1 {[%emt 0:01:30]} a6 {[%emt 0:
09:30]} 10. a3 {[%emt 0:01:30]} Rd8 {[%emt 0:32:30]} 11. dxc5 {[%emt 0:13:30]}
dxc5 {[%emt 0:00:30]} 12. Nd5 {[%emt 0:01:30]} Qxd2+ {[%emt 0:00:30]} 13. Rxd2
{[%emt 0:04:30]} Nd7 {[%emt 0:00:30]} 14. b4 {[%emt 0:10:30]} e6 {[%emt 0:17:
30]} 15. Nc7 {[%emt 0:00:30]} Rb8 {[%emt 0:04:30]} 16. b5 {[%emt 0:01:30]} Na5
{[%emt 0:05:30]} 17. Bxc5 {[%emt 0:08:30]} Nb3 {[%emt 0:06:30]} 18. Be7 {[%emt
0:08:30]} Nxd2 {[%emt 0:00:00]} 19. Bxd8 {[%emt 0:05:30]} Nxc4 {[%emt 0:01:24]}
20. a4 {[%emt 0:04:30]} Nde5 {[%emt 0:09:31]} 21. Nd4 {[%emt 0:12:30]} Bd7 {
[%emt 0:00:34]} 22. Be7 {[%emt 0:02:29]} Rc8 {[%emt 0:00:39]} 23. bxa6 {[%emt
0:00:05]} Rxc7 {[%emt 0:07:18]} 24. a7 {[%emt 0:00:07]} Rc8 {[%emt 0:00:02]}
25. f4 {[%emt 0:00:42]} Ng4 {[%emt 0:00:03]} 26. e5 {[%emt 0:01:02]} Nge3 {
[%emt 0:02:12]} 27. Kf2 {[%emt 0:01:28]} Nd5 {[%emt 0:02:00]} 28. Bxc4 {[%emt
0:01:16]} Nxe7 {[%emt 0:00:03]} 29. Rb1 {[%emt 0:00:10]} Bc6 {[%emt 0:01:13]}
30. Nxe6 {[%emt 0:05:48]} Ra8 {[%emt 0:00:33]} 31. Ng5 {[%emt 0:00:06]} Rxa7 {
[%emt 0:00:35]} 32. Rd1 {[%emt 0:00:17]} Bf8 {[%emt 0:00:49]} 33. Bxf7+ {[%emt
0:07:11]} Kg7 {[%emt 0:00:03]} 34. Bc4 {[%emt 0:00:01]} Rxa4 {[%emt 0:00:55]}
35. Ne6+ {[%emt 0:00:07]} Kh6 {[%emt 0:00:34]} 36. Rd3 {[%emt 0:00:13]} Kh5 {
[%emt 0:00:28]} 37. Bb3 {[%emt 0:00:36]} Ra1 {[%emt 0:00:32]} 38. Nxf8 {[%emt
0:03:59]} Kg4 {[%emt 0:00:11]} 39. Ne6 {[%emt 0:02:10]} Kf5 {[%emt 0:00:07]}
40. h3 {[%emt 0:00:00]} h5 {[%emt 0:00:00]} 41. Rd4 {[%emt 0:04:13]} g5 {[%emt
0:04:14]} 42. Nxg5 {[%emt 0:01:30]} Rc1 {[%emt 0:00:30]} 43. Nf7 {[%emt 0:04:
30]} Rc3 {[%emt 0:01:30]} 44. Nd6+ {[%emt 0:00:30]} Kg6 {[%emt 0:00:00]} 45.
Bd1 {[%emt 0:01:30]} h4 {[%emt 0:00:00]} 46. f5+ {[%emt 0:00:30]} Kh7 {[%emt 0:
01:30]} 47. Rxh4+ {[%emt 0:00:30]} Kg8 {[%emt 0:00:00]} 48. f6 {[%emt 0:01:30]}
Ng6 {[%emt 0:00:00]} 49. Rg4 {[%emt 0:01:30]} Kh7 {[%emt 0:00:30]} 50. e6 {
[%emt 0:02:54]} Rd3 {[%emt 0:00:30]} 51. f7 {[%emt 0:00:08]} 1-0

[Event "Wch u20 girls"]
[Site "Kocaeli"]
[Date "2013.09.22"]
[Round "9.6"]
[White "Saduakassova, Dinara"]
[Black "Gevorgyan, Maria"]
[Result "1-0"]
[WhiteElo "2326"]
[BlackElo "2143"]
[PlyCount "101"]
[EventDate "2013.09.??"]
[EventType "swiss"]
[EventRounds "13"]
[EventCountry "TUR"]
[Source "CBase R.Goldau"]
[SourceDate "2000.03.01"]
[TimeControl "40/5400+30:1800+30"]

1. d4 {[%emt 0:00:30]} Nf6 {[%emt 0:00:30]} 2. c4 {[%emt 0:00:00]} e6 {[%emt 0:
00:00]} 3. Nc3 {[%emt 0:00:00]} Bb4 {[%emt 0:00:00]} 4. Qc2 {[%emt 0:00:00]} d5
{[%emt 0:00:00]} 5. cxd5 {[%emt 0:00:00]} exd5 {[%emt 0:00:00]} 6. Bg5 {[%emt
0:00:30]} c5 {[%emt 0:00:30]} 7. dxc5 {[%emt 0:00:30]} h6 {[%emt 0:00:00]} 8.
Bh4 {[%emt 0:00:30]} g5 {[%emt 0:00:00]} 9. Bg3 {[%emt 0:00:00]} Ne4 {[%emt 0:
00:00]} 10. e3 {[%emt 0:00:00]} Qa5 {[%emt 0:00:00]} 11. Rc1 {[%emt 0:00:30]}
Bf5 {[%emt 0:00:30]} 12. Bxb8 {[%emt 0:08:30]} Rxb8 {[%emt 0:00:30]} 13. Bd3 {
[%emt 0:05:30]} Nxc3 {[%emt 0:15:30]} 14. bxc3 {[%emt 0:00:30]} Bxd3 {[%emt 0:
00:00]} 15. Qxd3 {[%emt 0:00:30]} Qxc5 {[%emt 0:00:00]} 16. Ne2 {[%emt 0:02:30]
} Ba3 {[%emt 0:00:30]} 17. Rd1 {[%emt 0:01:30]} Rd8 {[%emt 0:05:30]} 18. h4 {
[%emt 0:05:30]} g4 {[%emt 0:18:30]} 19. Nf4 {[%emt 0:09:30]} Qc4 {[%emt 0:00:
30]} 20. Nxd5 {[%emt 0:00:30]} Qxd3 {[%emt 0:00:00]} 21. Rxd3 {[%emt 0:00:30]}
f5 {[%emt 0:03:00]} 22. Ke2 {[%emt 0:02:30]} Kf7 {[%emt 0:00:30]} 23. Rhd1 {
[%emt 0:00:30]} Rhe8 {[%emt 0:04:30]} 24. Nc7 {[%emt 0:02:30]} Rxd3 {[%emt 0:
00:30]} 25. Rxd3 {[%emt 0:00:30]} Re7 {[%emt 0:01:30]} 26. Nb5 {[%emt 0:00:00]}
Bc5 {[%emt 0:00:30]} 27. Rd5 {[%emt 0:00:00]} b6 {[%emt 0:00:30]} 28. Rxf5+ {
[%emt 0:00:30]} Kg6 {[%emt 0:00:30]} 29. Rd5 {[%emt 0:00:30]} g3 {[%emt 0:04:
30]} 30. h5+ {[%emt 0:00:30]} Kf6 {[%emt 0:02:30]} 31. Nd4 {[%emt 0:00:30]}
Bxd4 {[%emt 0:09:30]} 32. Rxd4 {[%emt 0:07:30]} gxf2 {[%emt 0:00:30]} 33. Kxf2
{[%emt 0:00:00]} Re5 {[%emt 0:03:30]} 34. g4 {[%emt 0:00:00]} Ke6 {[%emt 0:04:
30]} 35. Ra4 {[%emt 0:00:30]} a5 {[%emt 0:01:30]} 36. Kf3 {[%emt 0:00:30]} Rb5
{[%emt 0:04:30]} 37. Re4+ {[%emt 0:00:00]} Kf6 {[%emt 0:00:30]} 38. Rd4 {[%emt
0:01:00]} Ke7 {[%emt 0:01:30]} 39. Re4+ {[%emt 0:00:30]} Kf7 {[%emt 0:00:30]}
40. Rc4 {[%emt 0:00:00]} Rb2 {[%emt 0:00:00]} 41. a4 {[%emt 0:01:00]} Rb1 {
[%emt 0:04:00]} 42. Rc6 {[%emt 0:00:00]} Kg7 {[%emt 0:00:00]} 43. Kf4 {[%emt 0:
00:00]} b5 {[%emt 0:02:00]} 44. axb5 {[%emt 0:00:30]} Rxb5 {[%emt 0:00:30]} 45.
Rc7+ {[%emt 0:00:30]} Kg8 {[%emt 0:00:30]} 46. e4 {[%emt 0:00:00]} a4 {[%emt 0:
00:00]} 47. Ra7 {[%emt 0:00:00]} Rc5 {[%emt 0:00:00]} 48. Rxa4 {[%emt 0:00:30]}
Rxc3 {[%emt 0:00:30]} 49. Ra7 {[%emt 0:00:30]} Rc5 {[%emt 0:00:30]} 50. e5 {
[%emt 0:00:00]} Rc1 {[%emt 0:00:30]} 51. Ke4 {[%emt 0:00:00]} 1-0